Statistiques concernant 5 plus grandes villes par pays d'Europe

Cliquez ici pour prendre le quiz!

Statistiques générales

  • Ce quiz a été pris 414 fois
    (388 depuis la dernière actualisation)
  • Le résultat moyen est 42 sur 60

Statistiques - réponses

PopulationVille% Correct
Pays-Bas1,027,860Amsterdam
99%
Allemagne3,613,495Berlin
99%
Espagne1,620,343Barcelone
98%
Royaume-Uni8,869,898Londres
98%
France515,695Lyon
98%
Espagne3,223,334Madrid
98%
France862,211Marseille
98%
Russie12,342,615Moscou
98%
France2,190,327Paris
98%
Italie2,872,800Rome
98%
Portugal552,700Lisbonne
97%
Suisse133,791Berne
95%
Ukraine2,934,522Kiev
95%
Italie1,366,180Milan
95%
Allemagne1,456,039Munich
95%
Russie5,351,935Saint-Pétersbourg
95%
Pologne1,764,615Varsovie
95%
Suède962,154Stockholm
94%
Italie966,144Naples
92%
Portugal237,591Porto
91%
Pays-Bas798,015Rotterdam
91%
Espagne688,711Séville
91%
Suisse201,741Genève
90%
France342,637Nice
90%
France475,438Toulouse
90%
Italie882,523Turin
88%
Suisse415,215Zurich
88%
Allemagne1,830,584Hambourg
85%
Royaume-Uni571,733Liverpool
85%
Espagne791,413Valence
83%
Pologne767,348Cracovie
78%
Allemagne746,878Francfort
77%
Allemagne1,080,394Cologne
72%
Royaume-Uni1,140,754Birmingham
71%
Suisse139,056Lausanne
69%
Suède339,313Malmö
69%
Pays-Bas753,010La Haye
68%
Italie668,405Palerme
67%
Suisse172,197Bâle
65%
Royaume-Uni612,040Glasgow
63%
Suède571,868Göteborg
54%
Pays-Bas285,355Eindhoven
51%
Ukraine1,011,494Odessa
51%
Ukraine918,917Donetsk
48%
Espagne666,880Saragosse
46%
Pays-Bas345,960Utrecht
43%
Ukraine1,450,082Kharkiv
40%
Pologne690,422Lodz
40%
Russie1,259,013Nijni Novgorod
38%
Russie1,468,833Iekaterinbourg
32%
Pologne538,633Poznań
32%
Royaume-Uni567,111Bristol
30%
Pologne638,586Wrocław
30%
Ukraine1,000,506Dnipro
29%
Suède225,164Uppsala
29%
Portugal136,885Coimbra
24%
Russie1,612,833Novossibirsk
20%
Suède161,034Linköping
11%
Portugal175,136Amadora
10%
Portugal186,502Vila Nova de Gaia
7%

Distribution des résultats

Percentile par nombre de réponses

% des personnes avec chaque résultat

Votre développement - résultats

Vous n’avez pas pris ce quiz depuis la dernière actualisation